00624nam a2200181 a 450000100100000000500170001000800410002704000250006808200130009310000240010624500480013026000580017830000280023650000350026404900090029995201170030899900170042500002555620200930023856.0110217s1964 sp r 000 0 spa d aDO-SdBNPbspacBNPHU ann*bnn*1 aCheng, Chen.95222813aLa reforma agraria en Taiwan /cChen Cheng. aMadrid :bCompañía China de Publicaciones,c1964. a332 p. :bil. ;c21 cm. aIncluye índice alfabético. aBNGR 001054708MOaGRbGRcCTd2011-02-17iLF1l0onn* nn*p25556-10r2020-06-25w2020-06-25y4ZPréstamo en sala c25048d25048